| Tag |
First Indicator |
Second Indicator |
Subfields |
| LEADER |
00000cam a2200000Ii 4500 |
| 001 |
in00004122811 |
| 006 |
m o d |
| 007 |
cr cnu---unuuu |
| 008 |
191130s2020 flu ob 001 0 eng d |
| 005 |
20250816191020.5 |
| 020 |
|
|
|a 9781351242769
|q electronic book
|
| 020 |
|
|
|a 1351242768
|q electronic book
|
| 020 |
|
|
|a 9781351242776
|q electronic book
|
| 020 |
|
|
|a 1351242776
|q electronic book
|
| 020 |
|
|
|a 9781351242752
|q electronic book
|
| 020 |
|
|
|a 135124275X
|q electronic book
|
| 020 |
|
|
|z 0815374062
|
| 020 |
|
|
|z 9780815374060
|
| 024 |
8 |
|
|a 99984122554
|
| 035 |
|
|
|a (NhCcYBP)ybp16422931
|
| 037 |
|
|
|a 9781351242776
|b Taylor & Francis
|
| 040 |
|
|
|a NhCcYBP
|c NhCcYBP
|d UtOrBLW
|
| 050 |
|
4 |
|a QL638.L9
|b R43 2020
|
| 072 |
|
7 |
|a NAT
|x 001000
|2 bisacsh
|
| 072 |
|
7 |
|a NAT
|x 011000
|2 bisacsh
|
| 072 |
|
7 |
|a SCI
|x 039000
|2 bisacsh
|
| 072 |
|
7 |
|a TQ
|2 bicssc
|
| 082 |
0 |
4 |
|a 597/.72
|2 23
|
| 245 |
0 |
0 |
|a Red snapper biology in a changing world /
|c edited by Stephen T. Szedlmayer and Stephen A. Bortone.
|
| 264 |
|
1 |
|a Boca Raton, FL :
|b CRC Press,
|c [2020]
|
| 300 |
|
|
|a 1 online resource.
|
| 336 |
|
|
|a text
|b txt
|2 rdacontent
|
| 337 |
|
|
|a computer
|b c
|2 rdamedia
|
| 338 |
|
|
|a online resource
|b cr
|2 rdacarrier
|
| 490 |
1 |
|
|a CRC marine biology series
|
| 504 |
|
|
|a Includes bibliographical references and index.
|
| 505 |
0 |
|
|a Cover; Half Title; Series Page; Title Page; Copyright Page; Contents; Preface; Acknowledgments; Editors; Contributors; Chapter 1: Introduction; Early Life History; Chapter 2: Red Snapper, Lutjanus campechanus, Larval Dispersal in the Gulf of Mexico; Abstract; Introduction; Methods; Shelf Dispersal; Dispersal into the Deep Basin; Cross-Basin Connections; Results and Discussion; Shelf Dispersal; Dispersal into the Deep Basin; Cross-Basin Connections; Conclusions; Acknowledgments; References
|
| 505 |
8 |
|
|a Chapter 3: Juvenile Red Snapper, Lutjanus campechanus, Densities on Small Artificial Reefs to Estimate Year-Class StrengthAbstract; Introduction; Methods; Reef Design and Surveys; Interannual Comparisons; Trawl Surveys; Results; Annual Variation of Juvenile Red Snapper Density on Patch-reefs; Age-0 and Age-1 Red Snapper; Visual Density Estimates Compared with CPUE from Trawls; Discussion; Interannual Comparisons; Age-0 and Age-1 Red Snapper Relations; Comparison Densities on Patch-Reefs to Trawl CPUE; Acknowledgments; References; Site Fidelity, Movements, and Mortality
|
| 505 |
8 |
|
|a Chapter 4: A Review of Red Snapper, Lutjanus campechanus, Acoustic Telemetry StudiesAbstract; Introduction; Capture, Tagging and Release Methods; Red Snapper Site Fidelity and Residency; Red Snapper Movement Patterns; Red Snapper Mortality; Future Research Needs; Potential Difficulties with Acoustic Telemetry; Conclusions; Acknowledgments; References; Chapter 5: Fishing Mortality Estimates for Red Snapper, Lutjanus campechanus, Based on Acoustic Telemetry and Conventional Mark-Recapture; Abstract; Introduction; Methods; Transmitter-Tagged Red Snapper; Conventionally Tagged Red Snapper
|
| 505 |
8 |
|
|a Red Snapper Harvest Estimate within the Study AreaResults; Transmitter-Tagged Red Snapper; Fisher Nonreporting; Conventionally Tagged Red Snapper; Fishing Mortality and Harvest Estimates; Discussion; Acknowledgments; References; Environmental Effects; Chapter 6: Polycyclic Aromatic Hydrocarbons in Red Snapper, Lutjanus campechanus, and Sediment Samples after the Deepwater Horizon Oil Spill; Abstract; Introduction; Methods; Study Area; Red Snapper Capture; Laboratory Processing; Sediment Sample Collection; PAH Extraction and Quantification; Data Analyses; Results; Muscle Tissue tPAH
|
| 505 |
8 |
|
|a Liver tPAHGall Bladder tPAH; Sediment tPAH; PAH Ratio Comparisons; Red Snapper Condition Indices; Discussion; Polycyclic Aromatic Hydrocarbons; Lesions in Red Snapper; Biological Indices; Conclusions; Acknowledgments; References; Chapter 7: The Effects of Modeled Dispersed and Undispersed Hypothetical Oil Spills on Red Snapper, Lutjanus campechanus, Stocks in the Gulf of Mexico; Abstract; Introduction; Methods; Spill Scenarios; Oil Spill Modeling; Fish Egg and Larval Density Data; Life History Data; Assessment Model; Results; SIMAP™ model; Potential Effects on Red Snapper; Discussion
|
| 500 |
|
|
|a Conclusion
|
| 545 |
0 |
|
|a Stephen T Szedlmayer, Ph.D., attended Millersville University, Lancaster, PA, for undergraduate studies. He then entered the University of South Florida and earned a Master's degree in the Marine Science program under the supervision of Professor John C. Briggs. After graduating from USF he worked for a short period at Mote Marine Laboratory, Sarasota FL, before entering the graduate program at the Virginia Institute of Marine Science, College of William and Mary, Gloucester Point, VA. After completing his Ph.D., he accepted a post-doctoral position at the Rutgers University Marine Field Station, Tuckerton NJ, and collaborated with Professor Kenneth W. Able. He was then hired the School of Fisheries, Aquaculture and Aquatic Sciences, Auburn University, AL. While at Auburn he rose through the ranks to Professor, and mentored numerous graduate students on studies of various aspects of marine fish ecology. Recently retired as Executive Director of the Gulf of Mexico Fishery Management Council, Stephen A. Bortone now is an Environmental Consultant with Osprey Aquatic Sciences, LLC based in Windham, New Hampshire (USA). As a consultant, he specializes in fisheries and is noted especially as an authority on artificial reefs. Currently, he is also Marine Biology Series Editor with CRC Press. Previously, Dr. Bortone served as Director of the Minnesota Sea Grant College Program with an appointment as Professor of Biology at the University of Minnesota Duluth. Earlier in his career he was the founding Director of the Marine Laboratory at the Sanibel-Captiva Conservation Foundation in Sanibel, Florida, Director of Environmental Science at the Conservancy of Southwest Florida, and Director of the Institute for Coastal and Estuarine Research while Professor of Biology at the University of West Florida
|
| 588 |
|
|
|a Description based on online resource; title from digital title page (viewed on March 19, 2020).
|
| 500 |
|
|
|a Electronic resource.
|
| 650 |
|
0 |
|a Lutjanus campechanus.
|0 http://id.loc.gov/authorities/subjects/sh95009198
|
| 655 |
|
7 |
|a Electronic books.
|2 local
|
| 700 |
1 |
|
|a Szedlmayer, Stephen T.,
|e editor.
|
| 700 |
1 |
|
|a Bortone, Stephen A.,
|e editor.
|0 http://id.loc.gov/authorities/names/n81146135
|
| 710 |
2 |
|
|a Taylor & Francis.
|0 http://id.loc.gov/authorities/names/n84073022
|
| 776 |
1 |
8 |
|i Print version:
|a Szedlmayer, Stephen T.
|t Red Snapper Biology in a Changing World
|d Milton : CRC Press LLC,c2019
|z 9780815374060
|
| 830 |
|
0 |
|a CRC marine biology series.
|0 http://id.loc.gov/authorities/names/n2001007417
|
| 856 |
4 |
0 |
|u http://proxy.library.tamu.edu/login?url=https://www.taylorfrancis.com/books/9781351242776
|z Connect to the full text of this electronic book
|t 0
|
| 955 |
|
|
|a YBP purchased firm e-records
|
| 980 |
|
|
|b 300.00
|g 1
|
| 999 |
f |
f |
|s c3006296-04df-34c1-b087-d8b534caa3e1
|i 2a3f5e5b-a33f-3fcd-bb02-cc88f0e0dc0d
|t 0
|
| 952 |
f |
f |
|a Texas A&M University
|b College Station
|c Electronic Resources
|d Available Online
|t 0
|e QL638.L9 R43 2020
|h Library of Congress classification
|
| 998 |
f |
f |
|a QL638.L9 R43 2020
|t 0
|l Available Online
|